Geometry Dash - Creators with the Highest Creator Point/Level Ratio - Statistics

General Stats
  • This quiz has been taken 17 times
    7 since last reset
  • The average score is 9 of 20
Answer Stats
Rated Levels Creator
Points
Creator Points
per Level
Answer % Correct
86 214 2.488 Alpheia
100%
86 230 2.674 Darwin
100%
49 117 2.388 abdula
50%
78 181 2.321 alkali
50%
48 118 2.458 CastriX
50%
108 264 2.444 DangerKat
50%
59 144 2.441 Danolex
50%
46 123 2.674 Danzmen
50%
51 119 2.333 DepisH16
50%
42 98 2.333 ivyteal
50%
69 164 2.377 Jayuff
50%
43 122 2.837 Knots
50%
46 110 2.391 Lemons
50%
64 149 2.328 SamMaxx
50%
50 131 2.620 Subwoofer
50%
48 114 2.375 AutoNick
0%
46 108 2.348 HanStor
0%
55 132 2.400 Nico99
0%
56 147 2.625 Wilz
0%
52 129 2.481 Zoroa
0%
No matching quizzes found
Score Distribution
Percent of People with Each Score
Percentile by Number Answered
Your Score History
You have not taken this quiz since the last reset